01121 a2200241 45000010006000000050017000060080041000230030015000640400040000790800130001192450049002490200022002982640034003203000019003545050278003730410008006511000023006597000026006827000021007087000028007297000023007578560099007804812620260407155748.0260407a2007 arg spa dAR-UNSa-BCEJYS aAR-UNSa-BCEJYSbspacAR-UNSa-BCEJYS a658.01xMetodología. Teoría y práctica de la organización( teoria de la organización, análisis organizacional...)10aDiseño organizativopestructura y procesos a978-950-641-514-3 1aBuenos Aires :bGranicac2007 a358 p.c22 cm. a1. La visión sistémica de la organización - 2. Diseño de la estructura - 3. Configuraciones típicas - 4. Formas innovadoras - 5. Diseño de sistemas administrativos - 6. Sistemas operativos - 7. Sistemas de planeamiento y control - 8. Metodologías de diseño. aspa1 aGilli, Juan José1 aArostegui, Ángel O.1 aDoval, Inés M.1 aIesulauro, Alejandra S.1 aSchulman, Diana R.41uhttps://www.biblioeco.unsa.edu.ar/pmb/images/libros/L127879.jpgyImagen de portadaqimage/jpeg